Global: KATSEYE Members - Images - Statistics

General Stats
  • This quiz has been taken 17 times
  • The average score is 6 of 6
Answer Stats
Picture Answer % Correct
Daniela
100%
Manon
100%
Sophia
100%
Yoonchae
100%
Megan
94%
Lara Raj
88%
No matching quizzes found
Score Distribution
Percent of People with Each Score
Percentile by Number Answered
Your Score History
You have not taken this quiz